Central Library OPAC University of Rajshahi

The impact of world recession on children / (Record no. 67189)

MARC details
000 -LEADER
fixed length control field 00997nam a2200313 a 4500
001 - CONTROL NUMBER
control field 67189
003 - CONTROL NUMBER IDENTIFIER
rucl marc code BD-RjUL
005 - DATE AND TIME OF LATEST TRANSACTION
control field 20211209081626.0
008 - FIXED-LENGTH DATA ELEMENTS--GENERAL INFORMATION
fixed length control field 170322s1984 enka b 000 0 eng
020 ## - INTERNATIONAL STANDARD BOOK NUMBER
International Standard Book Number 0080313299 :
Terms of availability $22.00
035 ## - SYSTEM CONTROL NUMBER
System control number (BD-RjUL)67320
040 ## - CATALOGING SOURCE
Original cataloging agency DLC
Transcribing agency DLC
Modifying agency DLC
-- BD-RjUL
Language of cataloging eng
041 ## - LANGUAGE CODE
Language code of text/sound track or separate title eng
082 00 - DEWEY DECIMAL CLASSIFICATION NUMBER
Classification number 362.7042
Edition number 23
Author mark and year IMP 1984
245 04 - TITLE STATEMENT
Title The impact of world recession on children /
Statement of responsibility, etc. edited by Richard Jolly and Giovanni Andrea Cornia.
260 ## - PUBLICATION, DISTRIBUTION, ETC. (IMPRINT)
Place of publication, distribution, etc. New York :
Name of publisher, distributor, etc. Pergamon Press,
Date of publication, distribution, etc. c1984.
300 ## - PHYSICAL DESCRIPTION
Pagination xiv, 221 p. :
Illustrations ill. ;
Size 25 cm.
500 ## - GENERAL NOTE
General note "A study prepared for UNICEF."
504 ## - BIBLIOGRAPHY, ETC. NOTE
Bibliography, etc Includes bibliographies.
650 #0 - SUBJECT ADDED ENTRY--TOPICAL TERM
Topical term or geographic name as entry element Child welfare.
9 (RLIN) 199034
Topical term or geographic name as entry element Children
General subdivision Economic conditions.
9 (RLIN) 199035
Topical term or geographic name as entry element Economic policy.
9 (RLIN) 199036
Topical term or geographic name as entry element Depressions.
9 (RLIN) 199037
Topical term or geographic name as entry element Recessions.
9 (RLIN) 42197
700 1# - ADDED ENTRY--PERSONAL NAME
Personal name Jolly, Richard.
Personal name Cornia, Giovanni Andrea.
710 2# - ADDED ENTRY--CORPORATE NAME
Corporate name or jurisdiction name as entry element UNICEF.
9 (RLIN) 199039
942 ## - ADDED ENTRY ELEMENTS (KOHA)
Source of classification or shelving scheme Dewey Decimal Classification
Koha item type Books
Holdings
Lost status Source of classification or shelving scheme Damaged status Not for loan Collection code Permanent Location Current Location Shelving location Date acquired Source of acquisition Total Checkouts Full call number Date last seen Copy number Koha item type
  Dewey Decimal Classification   Not For Loan Non-fiction Central Library, University of Rajshahi Central Library, University of Rajshahi Reading Room 06/08/1986 Asia Foundation   362.7042 IMP 1984 22/03/2017 C-1 Books